000 01356nam a2200385 c 4500
999 _c172326
_d172326
003 BLK
005 20220224131656.0
008 180411b bul|||||r ||||||| ||bul||
010 _aKNG00180644000
020 _a978-954-8701-75-4
040 _aBLK
041 _aBUL
_cBUL
072 7 _2bullib
_aЯ
_xАвтографи
072 7 _2bullib
_aК
_xКраезнание
072 7 _2bullib
_aРА
_xРусенски автори
072 7 _2bullib
_aН84
_xБългарска художествена литература Н
080 _aБългарска литература
_b821.163.2
_x-992
_z821.163.2-992
100 1 _aДимов, Христо
_eпърви автор
_9382893
139 _aДимов, Христо
_bД 60
245 1 0 _aПъстра земя
_bПопътни наброски
_cХристо Димов.
257 _aBGR
260 _bДенница
_c2015
_fРусе : Авангард принт
300 _a70 с.
_c17 см
380 _aX
500 _aСъдържа и за авт.
653 _aпътеписи
659 _aК
659 _aН
659 _aЯ
852 _aЦб І 36545
852 _aК 821.163.2/Д 60 Х
856 4 _qpdf
856 4 _qpdf
942 _cKNG
_n0
_s1
944 _aCR
_c31.08.2015
_lф /
_kВиолета_Тройчева
944 _aED
_c22.12.2015
_lф /
_kЛюдмила_Стоянова
999 _d172326